[Event "12th A.Margaryan Memorial 2022"]
[Site "Yerevan"]
[Date "2022.01.09"]
[Round "1.1"]
[White "Davtyan, Artur"]
[Black "Makarian, Rudik"]
[Result "0-1"]
[WhiteElo "2454"]
[BlackElo "2509"]
[Annotator "TA"]
[PlyCount "84"]
[EventDate "2022.01.09"]
[EventType "tourn"]
[EventCountry "ARM"]
[SourceTitle "playchess.com"]
[Source "ChessBase"]
[SourceQuality "1"]

{[%evp 20,84,15,14,25,10,12,0,0,-14,0,-10,0,-16,47,22,20,16,17,-11,0,-20,0,-97,-25,-16,-16,-22,-14,-22,-20,-10,-19,-29,0,0,0,0,37,45,48,51,50,31,96,-9,0,0,0,-302,-218,-322,-341,-506,-479,-518,-513,-864,-845,-1259,-1224,-1915,-1896,-1495,-1521,-5314,-2283]} 1. d4 d5 2. c4 e6 3. Nc3 Nf6 4. cxd5 exd5 5. Bg5 c6 6. e3 h6 7. Bh4 Be7 8. Bd3 O-O 9. Qc2 Re8 10. Nge2 Nbd7 11. O-O a5 {D36: Queen's Gambit Declined: Exchange Variation: Main line (5 Bg5 c6 6 Qc2).} 12. Rae1 b5 13. f3 {[#]} Ba6 $146 {The position is equal.} ({Predecessor:} 13... b4 14. Na4 Ba6 15. Nc1 c5 16. dxc5 Bxd3 17. Nxd3 Rc8 18. Re2 Rc6 19. Rc1 Qc7 {1-0 (34) Stluka,F (2085)-Vohnout,P (1915) Klatovy 2002}) 14. Kh1 Qb6 15. Bf5 Qb7 16. e4 {[#]} Nxe4 17. Nxe4 (17. Bxe7 $5 {[%cal Rf3e4]} Nxc3 18. Nxc3 $14) 17... dxe4 (17... Bxh4 18. Nd6 Qc7 19. Nxe8 Rxe8 20. g3 $16) 18. Bxe7 (18. Qxe4 $2 Bg5 19. Qg4 Nf6 $19) 18... Rxe7 19. fxe4 b4 {[%cal Oc6c5]} 20. Rf3 Qb6 21. e5 {[#]} (21. Nf4 $11 {keeps the balance.}) 21... Bxe2 (21... Nf8 $1 $17 22. Bd3 Ne6) 22. Rxe2 $11 Nf8 {Inhibits e6.} 23. Qc4 Rd8 24. Rf4 Qb5 25. Qxb5 cxb5 26. g3 Rc7 (26... g6 $5 {[%cal Rg6f5]} 27. Bg4 h5 $17) 27. Rd2 Rc1+ 28. Kg2 g6 29. Bh3 Nh7 ({Not} 29... Ne6 30. Bxe6 fxe6 31. Rf6 $16) 30. Bg4 h5 31. Be2 Rc5 {[#]} (31... Ng5 $14) 32. Rd3 ({Much worse is} 32. dxc5 $6 Rxd2 33. Rf2 Rc2 $11) ({Much weaker is} 32. Bd3 $6 Rcd5 $11) (32. Rd1 $1 $16 Rc2 33. Rf2) 32... Rc2 {[%csl LRb2,LRe2]} 33. Rf2 Rxb2 34. d5 $2 {[%mdl 8192]} (34. Bf3 $11 {and White stays safe.} Rxf2+ 35. Kxf2) 34... Rxa2 $19 35. d6 (35. Rd4 {keeps fighting.}) 35... Ng5 {Threatens to win with ...Ne4.} 36. Re3 {Inhibits Ne4.} (36. Rd4 {might work better.} b3 37. Bxb5) 36... Rb8 {Black is clearly winning.} 37. h4 Ne6 {Strongly threatening ...a4.} 38. Ref3 (38. g4 $142 hxg4 39. Bxg4 Nf4+ 40. Kg3 Rxf2 41. Kxf2) 38... Nd4 39. Rxf7 Rxe2 40. Rc7 Rxf2+ 41. Kxf2 b3 {( -> ...b2)} 42. d7 Rd8 {Weighted Error Value: White=1.00/Black=0.13 (very precise)} 0-1

[Event "12th A.Margaryan Memorial 2022"]
[Site "Yerevan"]
[Date "2022.01.09"]
[Round "1.2"]
[White "Lobanov, Sergei"]
[Black "Barseghyan, Armen Ar."]
[Result "1-0"]
[WhiteElo "2512"]
[BlackElo "2358"]
[Annotator "TA"]
[PlyCount "103"]
[EventDate "2022.01.09"]
[EventType "tourn"]
[EventCountry "ARM"]
[SourceTitle "playchess.com"]
[Source "ChessBase"]
[SourceQuality "1"]

{[%evp 9,103,18,17,8,16,12,29,9,22,15,20,23,16,19,24,27,26,25,27,16,17,8,22,0,7,14,12,12,9,10,10,12,14,0,0,0,39,45,50,20,19,10,40,22,60,68,156,157,159,159,162,159,148,162,154,151,174,166,208,156,240,227,288,275,407,373,336,195,207,202,650,624,535,408,636,636,29967,29968,29966,29969,29967,29966,29986,29987,29990,29991,29991,29986,29986,29987,29987,29988,29988,29989,29989,29990]} 1. e4 e5 2. Nf3 Nc6 3. Bb5 Nf6 4. d3 Bc5 5. Bxc6 dxc6 6. c3 {C65: Ruy Lopez: Berlin Defence (3...Nf6), unusual lines and 4 0-0 Bc5.} Qe7 7. Nbd2 Nd7 8. Nc4 {White has an edge.} Bd6 9. O-O O-O 10. Re1 {[#]} Re8 $146 ({Predecessor:} 10... Nb6 11. Ne3 c5 12. Nf5 Bxf5 13. exf5 f6 14. Nd2 Qf7 15. c4 Nc8 16. Re3 Rd8 {½-½ (62) Nakamura,H (2736)-Lazavik,D (2465) Chess.com INT 2021}) 11. d4 f6 12. b3 b6 13. Nh4 Nf8 14. Qf3 Qf7 15. Bb2 Be6 16. Ne3 a5 17. Nhf5 a4 18. Nxd6 cxd6 19. c4 c5 20. d5 Bd7 21. Bc3 Ng6 22. b4 Ne7 23. Rab1 Reb8 24. Rb2 f5 25. Reb1 {[#] Black must now prevent bxc5.} a3 26. Rb3 {aiming for bxc5.} Ba4 (26... Rf8 {seems wilder.} 27. bxc5 bxc5 28. Rb6 Qf6 29. Rb7 Bc8) 27. Rxa3 {bxc5 is the strong threat.} Rf8 {[#] White leaves nothing to chance now.} (27... Qf8 $14) 28. bxc5 $1 $16 bxc5 {[%cal Oa4d1]} 29. exf5 Nxf5 30. Qxf5 Qxf5 31. Nxf5 Rxf5 32. Rb6 {Inhibits Ra6.} Rf6 33. g3 Rg6 (33... h6 $142 34. f4 Rf7 35. fxe5 dxe5) 34. h4 {[%cal Bh2h4,Bh4h5][%mdl 32]} Ra7 (34... Rg4 $16 35. Rxd6 Rxc4) 35. h5 $18 Rf6 36. f4 Rf5 (36... Ra8 $142 37. Rb7 Rf5 38. fxe5 dxe5) 37. fxe5 dxe5 38. Re6 ({Not} 38. g4 Rf4 $18) (38. Rb8+ $142 Rf8 39. Bxe5) 38... Rf3 {[%cal Oa7f7]} 39. Kg2 {And now Rxa4 would win.} ({But not} 39. Rxe5 $6 Rxg3+ 40. Kf2 Rg4 $16) 39... Raf7 $2 (39... Rf6) 40. Rxa4 Rxc3 41. Rxe5 {[%mdl 4096] Endgame KRR-KRR} Rff3 (41... Rb7 $142 42. Ra8+ Kf7 43. Rf5+ Ke7) 42. Ra8+ Kf7 43. Ra7+ {White mates.} Kf8 44. d6 {[%cal Bd5d6,Bd6d7][%mdl 32]} Rxg3+ 45. Kf2 Rcf3+ 46. Ke2 Ra3 47. Rf5+ Kg8 48. Rxa3 Rxa3 49. d7 {[%cal Rd7d8]} Rxa2+ 50. Kd3 {[%cal Rd7d8]} Ra8 51. Rxc5 Kf7 52. Rc8 {Weighted Error Value: White=0.10 (very precise) /Black=0.45} 1-0

[Event "12th A.Margaryan Memorial 2022"]
[Site "Yerevan"]
[Date "2022.01.09"]
[Round "1.4"]
[White "Hayrapetyan, Hovik"]
[Black "Alavi, Sayed Javad"]
[Result "1-0"]
[WhiteElo "2499"]
[BlackElo "2455"]
[Annotator "TA"]
[PlyCount "81"]
[EventDate "2022.01.09"]
[EventType "tourn"]
[EventCountry "ARM"]
[SourceTitle "playchess.com"]
[Source "ChessBase"]
[SourceQuality "1"]

{[%evp 12,81,12,11,1,0,22,-19,-22,-20,-10,-15,-19,-13,-6,-17,0,0,0,0,0,0,0,0,83,70,72,20,20,10,19,11,60,0,0,0,78,28,110,102,111,96,86,91,87,87,122,135,129,127,212,209,666,258,714,666,2015,2106,29959,29966,29966,29967,6411,6411,29988,1400,29993,29989,29989,29990,29993,29994]} 1. d4 Nf6 2. Nf3 d5 3. c4 e6 4. Nc3 c5 5. e3 a6 6. dxc5 Bxc5 7. a3 O-O {D40: Queen's Gambit Declined: Semi-Tarrasch with 5 e3.} 8. b4 Bd6 9. Bb2 (9. cxd5 $142 exd5 10. Be2) 9... dxc4 $11 {The position is equal.} 10. Bxc4 b5 11. Bd3 Bb7 {Prevents Ne4.} 12. O-O Qe7 13. Qb1 {[#]} h6 $146 ({Predecessor:} 13... Bxf3 14. gxf3 Nbd7 15. Ne4 Nxe4 16. Bxe4 Bxh2+ 17. Kxh2 Qh4+ {½-½ (17) Miton,K (2626)-Ftacnik,L (2544) Czech Republic 2013}) 14. Ne4 Nxe4 15. Bxe4 Nc6 16. Qe1 {Bxc6 is the strong threat.} f5 17. Bd3 g5 (17... Rad8 $11 {remains equal.}) 18. Qc3 $16 e5 19. Qb3+ ({White should play} 19. Rad1 $16) 19... Kh7 $11 {White must now prevent ...e4.} 20. e4 f4 21. h3 $1 Bc8 (21... Rad8 $11) 22. Qd5 (22. Rfc1 $1 $14 Be6 23. Qd1) 22... Bb7 {[%cal Oc6d4]} 23. Qb3 Rac8 (23... Bc8 $11) 24. Rac1 (24. Rfd1 $16) 24... Rc7 (24... h5 $1 $11 {keeps the balance.}) 25. Rfd1 $16 {Black is on the road to losing.} Bc8 26. Be2 Be6 {Prevents Qd5.} 27. Qd3 Rd8 {[%cal Od6b4]} 28. Qb1 h5 {[#]} 29. Rxd6 $1 {[%mdl 512]} Rxd6 30. Nxe5 {[%cal Oe5g6] And now Ng6! would win.} Kh6 {[#] Prevents Ng6.} (30... Nd4 $16 31. Bxh5 Kh6) 31. Rc5 $1 $18 Bf7 $2 (31... Nxe5 32. Rxc7 (32. Bxe5 Rxc5 33. Bxd6 Qxd6 $14) 32... Qxc7 33. Bxe5 Bc4) 32. Nf3 $2 (32. Nxf7+ Qxf7 33. Qc1) 32... Rg6 $2 (32... Bg6 33. Qc1 (33. Rxg5 Bxe4 34. Qa2 Bxf3 $19) (33. Nxg5 Rd2 $18) 33... Qxe4 34. Nxg5 Qb1) 33. Qc1 Qxe4 {[#]} 34. Qc3 $1 {[%cal Rc3h8]} Rg8 {To avoid Qh8+} (34... Qe8 35. Nxg5) 35. Bd3 {This bishop pair is nice.} Qe7 36. Rxc6+ Rxc6 37. Qxc6+ Qe6 38. Qc7 (38. Ne5 $142 Rg6 {[#]} 39. Qd6 $3 {[%mdl 512]} Qxd6 40. Nxf7+ Kh7 41. Nxd6 Kh6 42. Nf7+ Kh7 43. Nd6) 38... Rc8 39. Qa7 {White mates.} Rd8 {[#]} 40. Qc5 $1 {[%csl Gf3][%cal Rc5g5]} Qd5 {[#]} (40... Rg8 41. Nxg5) 41. Qe7 $1 {Weighted Error Value: White=0.23 (precise) /Black=0.81} 1-0

[Event "12th A.Margaryan Memorial 2022"]
[Site "Yerevan"]
[Date "2022.01.09"]
[Round "1.5"]
[White "Sturua, Zurab"]
[Black "Ohanyan, Emin"]
[Result "1/2-1/2"]
[WhiteElo "2529"]
[BlackElo "2373"]
[Annotator "TA"]
[PlyCount "143"]
[EventDate "2022.01.09"]
[EventType "tourn"]
[EventCountry "ARM"]
[SourceTitle "playchess.com"]
[Source "ChessBase"]
[SourceQuality "1"]

{[%evp 18,143,34,29,42,38,37,42,42,28,40,44,46,44,46,37,45,45,42,36,45,45,52,44,47,45,59,48,56,58,51,51,48,53,54,43,45,33,27,23,22,-13,98,81,93,58,63,58,49,52,41,12,16,7,37,14,20,12,12,12,12,12,22,22,22,22,22,22,22,8,6,0,0,0,79,0,0,0,0,1,170,157,163,137,181,156,311,303,241,173,173,163,145,131,656,576,2359,2131,1549,1360,1117,360,29962,29965,29967,29969,29969,29969,29969,29970,29971,29971,29972,8,8,8,8,0,0,0,0,0,0,0,0,0,0,0]} 1. Nf3 d5 2. c4 e6 3. d4 Nf6 4. Nc3 Bb4 5. e3 O-O 6. Bd3 c5 7. O-O Nc6 8. cxd5 exd5 9. dxc5 Bxc5 10. h3 h6 {D37: Queen's Gambit Declined: 5 Bf4.} 11. b3 Qe7 12. Bb2 {[#]} Ba3 $146 {White is slightly better.} ({Predecessor:} 12... Rd8 13. Ne2 Ne4 14. Rc1 Bb6 15. Ned4 Bd7 16. Qe2 Rac8 17. Bb1 a6 18. Rfd1 Bc7 19. Nxc6 Bxc6 {1-0 (29) Khomeriki,N (2319)-Fataliyeva,U (2377) Playchess.com INT 2020}) 13. Qc1 Bxb2 14. Qxb2 Be6 15. Rad1 Rac8 16. Bb1 Rfd8 17. Rfe1 a6 18. Rc1 b5 19. Ne2 Rc7 20. Rc2 Rdc8 21. Rec1 Qd6 22. Nfd4 Nxd4 23. Qxd4 Rxc2 24. Rxc2 Rxc2 25. Bxc2 Qc7 26. Bd3 Nd7 27. Nf4 Qc5 28. Qb2 a5 $1 29. Nh5 {[%csl Gh5][%cal Rb2g7]} f6 (29... d4 $1 $11 30. Qe2 dxe3 31. fxe3 b4) 30. Nf4 $16 Nf8 31. Ne2 {White is more active.} b4 32. Nd4 Bd7 33. h4 Ne6 34. Nf5 Nd8 35. Ng3 Nf7 36. Bf5 Bxf5 37. Nxf5 Nd6 {[#]} 38. Qd4 $1 Qxd4 39. Nxd4 $11 {[%mdl 4096] Endgame KN-KN} Ne4 40. Nc6 Nc3 41. Nxa5 Nxa2 42. Kf1 Nc1 43. Ke1 {With the idea Kd2.} Nd3+ $1 44. Ke2 Nc5 45. Kd1 h5 (45... Kf7 $11 {keeps the balance.}) 46. Kc2 (46. Nc6 $16) 46... Kf7 47. Nc6 Na6 48. Kd3 Nc5+ $2 (48... Ke6 $11) 49. Kd4 $18 Nxb3+ 50. Kxd5 Nc5 (50... Nd2 $16 {was worth a try.} 51. Nxb4 Nb1) 51. Nxb4 ({Avoid the trap} 51. Kxc5 $2 b3 52. Nd8+ Ke7 53. Nc6+ Ke8 $19) 51... Nd7 (51... Na4 $16 52. Kd4 Nb6) 52. Nd3 Nb6+ 53. Kc5 Nd7+ 54. Kc6 Ke7 55. e4 {[%cal Be3e4,Be4e5][%mdl 32] f4 is the strong threat.} g6 $2 {[%mdl 8192]} (55... g5 $16 56. hxg5 fxg5) 56. f4 f5 57. e5 {Threatens to win with Nc5.} Nb8+ 58. Kb7 Nd7 59. Kc7 $2 (59. g3 Nf8 60. Nc5) 59... Ke6 $2 (59... Nf8 $18 60. Nc5 g5 61. hxg5 (61. fxg5 Ng6 $14) 61... h4) 60. Kd8 Nb8 61. Nb4 Nd7 62. Na6 Nxe5 63. Nc5+ Kd5 64. fxe5 Kxe5 {[#] KN-K3P} 65. Nd3+ $2 (65. g3 $1 {mates} f4 66. Nd3+ Kf5 67. Nxf4 g5 68. Ng2 Kf6 69. Ke8 Kg7 70. Ke7 gxh4 71. gxh4) 65... Kf6 $1 $11 {The position is equal.} 66. Nf4 g5 $1 67. Nxh5+ Kg6 68. Nf4+ gxf4 69. Ke7 {Intending Ke6 and mate.} Kh5 70. Kf6 Kxh4 71. Kxf5 Kg3 72. Ke4 {Black escapes into a draw.  Weighted Error Value: White=0.14 (very precise) /Black=0.42} 1/2-1/2

[Event "12th A.Margaryan Memorial 2022"]
[Site "Yerevan"]
[Date "2022.01.10"]
[Round "2.1"]
[White "Makarian, Rudik"]
[Black "Ohanyan, Emin"]
[Result "1-0"]
[WhiteElo "2509"]
[BlackElo "2373"]
[Annotator "TA"]
[PlyCount "109"]
[EventDate "2022.01.09"]
[EventType "tourn"]
[EventCountry "ARM"]
[SourceTitle "playchess.com"]
[Source "ChessBase"]
[SourceQuality "1"]

{[%evp 12,109,17,0,12,0,0,-1,0,-9,-8,5,0,0,0,0,28,0,60,29,60,47,46,44,50,56,54,23,32,27,22,22,20,21,35,14,35,39,60,13,14,14,16,17,43,22,22,20,37,36,36,39,50,-10,9,13,13,9,15,8,45,45,45,29,50,25,23,21,28,24,24,0,207,222,230,230,206,233,293,291,777,777,839,739,1528,1462,1389,1289,12835,6440,12833,2679,12841,12839,29989,29990,29990,29991,29991,29992]} 1. c4 e5 2. Nc3 Nf6 3. Nf3 Nc6 4. e3 Bb4 5. Qc2 Bxc3 6. Qxc3 Qe7 7. a3 {7.d4 deserves study.} O-O {A28: English Opening: Four Knights Variation.} 8. b4 d5 9. cxd5 Nxd5 {The position is equal.} 10. Qb3 Rd8 {With the idea ...e4.} 11. Bb2 {[#]} a6 $146 ({Predecessor:} 11... e4 12. Nd4 Ne5 13. Be2 a5 14. b5 c5 15. bxc6 bxc6 16. f4 c5 17. fxe5 cxd4 18. Bxd4 {0-1 (46) Strauss,D (2345)-Bisguier,A (2445) Lone Pine 1979}) 12. h3 Nb6 13. Qc2 h6 (13... e4 $5 {[%cal Re4f3]} 14. Nd4 Nxd4 15. Bxd4 Nd5 $11) 14. Be2 Bd7 (14... e4 $11 15. Nd4 Rd6) 15. Bd3 (15. Nxe5 $5 Nxe5 16. Qxc7 $14) 15... Nd5 16. O-O Nf6 17. Rac1 Re8 18. Be2 Rac8 19. d4 exd4 20. Nxd4 Nxd4 21. Bxd4 Bb5 (21... Ne4 {seems wilder.} 22. Bf3 Bf5 23. Qb2 Qg5 24. h4 Qg6) 22. Rfd1 Bxe2 23. Qxe2 c6 24. Qb2 Rcd8 25. Kf1 (25. Bxf6 $14 gxf6 26. Qe2) 25... Rd6 $11 26. Bc5 Rxd1+ 27. Rxd1 Qe4 28. Kg1 Nd5 29. f3 Qg6 30. e4 Nf4 31. Kh2 f5 32. Bd6 ({White should play} 32. Be3 $1 $14 Nh5 33. g4 fxg4 34. hxg4) 32... Ne6 (32... Nd5 $5 {[%cal Rg6d6]} 33. e5 f4 $11) 33. exf5 Qxf5 34. Qe5 Qxe5+ 35. Bxe5 {Threatening Rd7.} Rd8 {To avoid Rd7} (35... Nf8 $5 {[%cal Re8e5]} 36. Bc7 Kf7 $11) 36. Rxd8+ Nxd8 $14 {[%mdl 4096] Endgame KB-KN} 37. f4 g6 38. Kg3 {[%cal Of4f5]} Kf7 39. Kf3 Ke6 40. Ke4 {Strongly threatening Kd4.} Nf7 41. g4 g5 $2 (41... Nxe5 $11 42. fxe5 a5) 42. Bg7 Nd6+ 43. Kf3 Nf7 {[#]} 44. Kg3 $1 ({Don't play} 44. f5+ $6 Kd5 $16) 44... gxf4+ 45. Kxf4 Nd6 $2 (45... b6 46. Bd4 Nd6 47. Bxb6 Nc4) 46. Bxh6 $18 Nc4 47. Bg7 Nxa3 48. h4 {[%cal Bh3h4,Bh4h5,Bh5h6,Bh6h7][%mdl 32]} Kf7 49. Bd4 Kg6 50. h5+ Kh6 51. Bc5 (51. Kf5 $142 Nc4 52. Bc5) 51... Nc2 52. g5+ {[%cal Bg4g5,Bg5g6][%mdl 32]} Kh7 53. g6+ {White mates.} Kg8 54. h6 b6 55. h7+ {Weighted Error Value: White=0.09 (flawless) /Black=0.38} 1-0

[Event "12th A.Margaryan Memorial 2022"]
[Site "Yerevan"]
[Date "2022.01.10"]
[Round "2.2"]
[White "Alavi, Sayed Javad"]
[Black "Sturua, Zurab"]
[Result "0-1"]
[WhiteElo "2455"]
[BlackElo "2529"]
[Annotator "TA"]
[PlyCount "90"]
[EventDate "2022.01.09"]
[EventType "tourn"]
[EventCountry "ARM"]
[SourceTitle "playchess.com"]
[Source "ChessBase"]
[SourceQuality "1"]

{[%evp 14,90,15,15,20,20,46,35,44,44,35,24,33,37,28,6,20,-12,-11,-16,-11,-29,-25,-69,-66,-185,-183,-172,-185,-185,-185,-185,-185,-185,-185,-185,-185,-502,-437,-518,-518,-518,-510,-510,-495,-510,-510,-503,-500,-466,-404,-605,-605,-964,-922,-940,-899,-925,-910,-1358,-1338,-1300,-1278,-1148,-952,-952,-932,-959,-932,-5806,-5649,-5372,-5467,-4877,-4902,-2750,-2454,-1814,-1772]} 1. d4 Nf6 2. c4 e6 3. Nc3 Bb4 4. Qc2 d5 5. cxd5 Qxd5 6. e3 c5 7. Bd2 Bxc3 8. bxc3 b6 {E34: Nimzo-Indian: Classical: 4...d5.} 9. f3 Qc6 {[#] Prevents Bb5.} 10. a4 $146 {Bb5 is the strong threat.} ({Predecessor:} 10. Qb3 Ba6 11. Bxa6 Nxa6 12. Ne2 O-O 13. e4 Rfc8 14. Kf2 Nb8 15. a4 Nbd7 16. Bf4 {½-½ (75) Vidit,S (2726)-Carlsen,M (2847) chess24.com INT 2021}) 10... O-O {White is slightly better.} 11. Bb5 Qc7 12. Ne2 cxd4 13. exd4 Nc6 14. O-O e5 {[%cal Oc6d4]} 15. Bg5 {[#] Hoping for Bxf6.} Nxd4 $1 16. Nxd4 exd4 17. Bxf6 gxf6 18. Qe4 (18. Rfc1 $11) 18... dxc3 $15 19. Qxa8 {[#] Black continues to play with concentration.} (19. Bd3 $15 f5 20. Qe3 (20. Qxa8 $2 {is the wrong capture.} Be6 $19)) 19... Bb7 $1 $19 {[%cal Bc8b7,Bb7a8,Ba8d5,Bd5b3][%mdl 32]} 20. Qxa7 Ra8 21. Qxa8+ Bxa8 22. Rac1 Qc5+ 23. Kh1 Bd5 $36 {[%mdl 2048] aiming for ...Bb3. Black is really pushing.} 24. Bd3 Kg7 25. Bb5 $2 (25. Bc2) 25... Bb3 26. Rfe1 Qd4 27. Rb1 {[#]} c2 $1 28. Rbc1 (28. Ra1 Bc4) 28... Qd2 29. Bc6 f5 30. Bb5 Kf6 31. Bc6 Kg5 32. Rf1 (32. Rg1 $142) 32... Bc4 {Black is clearly winning.} 33. f4+ Kf6 34. Rfe1 Bd3 35. Kg1 Qxf4 36. Kh1 Qd2 37. Bf3 Be4 38. Rf1 Ke5 39. Rce1 f6 40. h3 Kd4 41. Rd1 cxd1=Q 42. Rxd1 {[#]} Ke3 $1 {[%cal Oe4f3]} 43. Rxd2 Kxd2 44. Bh5 Bc6 45. Kh2 Bxa4 {Weighted Error Value: White=0.74/Black=0.10 (very precise)} 0-1

[Event "12th A.Margaryan Memorial 2022"]
[Site "Yerevan"]
[Date "2022.01.10"]
[Round "2.3"]
[White "Petrov, Nikita"]
[Black "Hayrapetyan, Hovik"]
[Result "1-0"]
[WhiteElo "2558"]
[BlackElo "2499"]
[Annotator "TA"]
[PlyCount "39"]
[EventDate "2022.01.09"]
[EventType "tourn"]
[EventCountry "ARM"]
[SourceTitle "playchess.com"]
[Source "ChessBase"]
[SourceQuality "1"]

{[%evp 13,39,5,24,15,97,102,99,89,165,154,216,193,267,188,143,130,128,126,133,147,136,135,592,577,1625,1675,29998,29999]} 1. e4 c5 2. Nf3 d6 3. d4 cxd4 4. Nxd4 Nf6 5. Nc3 a6 6. Bg5 Nbd7 7. Bc4 {7.Qe2 is the recent fashion.} e6 8. Qe2 {B94: Sicilian Najdorf: 6 Bg5 Nbd7.} Qa5 {[#]} (8... h6 $11 {remains equal.} 9. Bd2 b5) 9. f4 $1 $16 Be7 10. O-O-O {[%cal Oc4e6] White is better.} Nb6 (10... h6 $16 11. Bh4 O-O) 11. Bb3 h6 (11... O-O $16 {was called for.}) 12. Bh4 $18 {[#]} Nbd7 $146 (12... Bd7 $142 13. f5 e5) ({Predecessor:} 12... Bd7 13. e5 dxe5 14. fxe5 Nfd5 15. Nxd5 Nxd5 16. Bxe7 Nxe7 17. Rhe1 Rc8 18. Qh5 O-O {0-1 (40) Savinykh,S (2165)-Uraev,I (2247) Kirov 2014}) 13. Kb1 {[%cal Oe4e5]} Nc5 14. e5 dxe5 15. fxe5 ({Don't take} 15. Qxe5 O-O) 15... Nd5 16. Nxd5 Bxh4 {[#]} 17. Qh5 $1 {[%cal Od4f5] Strongly threatening Nf5! White is much more active. Black has bad knights.} Bd8 $2 {[%mdl 8192] [#]} (17... O-O $16) (17... exd5 18. Bxd5) 18. Nf5 $1 {[%mdl 512] Pair of Knights!} O-O {[#]} (18... g6 19. Nd6+) 19. Nf6+ $1 {[%mdl 512]} gxf6 (19... Bxf6 20. exf6) 20. Qg4+ {Weighted Error Value: White=0.07 (flawless) /Black=1.27} 1-0

[Event "12th A.Margaryan Memorial 2022"]
[Site "Yerevan"]
[Date "2022.01.10"]
[Round "2.4"]
[White "Barseghyan, Armen Ar."]
[Black "Danielyan, Vahe"]
[Result "1/2-1/2"]
[WhiteElo "2358"]
[BlackElo "2332"]
[Annotator "TA"]
[PlyCount "185"]
[EventDate "2022.01.09"]
[EventType "tourn"]
[EventCountry "ARM"]
[SourceTitle "playchess.com"]
[Source "ChessBase"]
[SourceQuality "1"]

{[%evp 20,185,6,11,32,31,16,0,0,0,21,-6,0,0,35,9,30,-5,26,10,73,58,72,6,6,8,8,9,10,10,11,11,27,14,48,25,60,31,79,59,70,31,49,34,54,65,83,83,83,83,83,83,83,83,92,83,83,83,83,83,83,83,85,83,83,83,83,83,85,83,83,83,83,83,83,83,93,93,204,93,94,93,93,93,93,83,93,76,83,76,93,93,100,76,76,0,100,93,93,83,83,83,93,83,93,76,93,0,101,0,101,42,42,42,42,42,42,49,50,0,0,0,0,0,0,0,0,0,0,0,0,0,0,0,0,0,0,0,6,0,0,0,10,13,13,13,13,13,14,0,0,0,0,0,0,0,0,0,0,0,0,0,0,0,0,0,0,0]} 1. d4 Nf6 2. c4 e6 3. Nf3 d5 4. Nc3 c5 5. e3 Nc6 6. a3 cxd4 7. exd4 Be7 {[%cal Bf8e7,Be7f6,Bf6g7][%mdl 32]} 8. cxd5 Nxd5 9. Bd3 O-O 10. O-O Bf6 11. Be4 {11.Bc2 is more advanced technology.} Nxc3 {D42: Queen's Gambit Declined: Semi-Tarrasch: 5 cxd5 Nxd5 6 e3 Nc6 7 Bd3 .} 12. bxc3 Bd7 13. Qd3 g6 {[#]} 14. c4 $146 ({Predecessor:} 14. Bh6 Re8 15. Rab1 Qc7 16. h4 Red8 17. h5 Be8 18. Ng5 Qe7 19. Qg3 Rac8 20. Rfe1 {1-0 (29) Padevsky,N-Cosulich,R Bari 1972}) 14... Qc7 15. Be3 Bg7 16. Rac1 Rad8 17. Bg5 (17. d5 $5 {[%cal Rd5c6]} f5 18. d6 $1 $14) 17... Rc8 (17... f6 $5 {[%cal Rf6g5]} 18. Bh4 Ne7 $11) 18. d5 Na5 19. d6 Qb8 (19... Qb6 $1 $11 20. c5 Qb3) 20. Bd2 $1 $16 {White is much more active.} f5 {[#]} 21. Bxa5 (21. Bd5 $1 $16 b6 (21... Qxd6 22. Bxa5) 22. Bxa5 bxa5 23. c5 exd5 24. Qxd5+ Kh8 25. Ne5 Bxe5 26. Qxe5+ Kg8 27. c6 (27. Qd5+ Kh8 $16) 27... Bxc6 28. Rxc6 $1 {[%mdl 512]}) 21... fxe4 $11 22. Qxe4 {next Rfd1 is good for White.} Qxd6 23. Rfd1 Bc6 {Threatens to win with ...Qxd1+. A strong pair of Bishops.} 24. Qe3 Qf4 25. Qxe6+ Kh8 26. Bd2 Qc7 27. Bb4 Rce8 28. Qd6 Qc8 (28... Rf7 $14) 29. Qg3 $1 $16 Rf7 30. Rd3 Kg8 {[%cal Oa7a5]} 31. h4 a5 32. Bc3 Bxf3 33. Rxf3 Rxf3 34. Qxf3 Qxc4 {[#]} 35. Bb2 $1 Qe4 {Hoping for ...Qxf3.} (35... Qf7 $2 36. Qxf7+ Kxf7 37. Rc7+ Re7 38. Rxe7+ Kxe7 39. Bxg7 $18) 36. Qb3+ ({But not} 36. Rc7 Qe1+ 37. Kh2 Be5+ 38. Bxe5 Qxe5+ 39. Qg3 b6 $11) 36... Kh8 37. Bxg7+ Kxg7 {[%mdl 4096] Endgame KQR-KQR} 38. Rc7+ Re7 39. Qc3+ Kh6 40. Qd2+ ({Much weaker is} 40. Qxa5 $6 Rxc7 41. Qxc7 Qe1+ 42. Kh2 Qxf2 $11) 40... Kg7 41. Rxe7+ Qxe7 42. Qxa5 {KQ-KQ} h5 43. Qc3+ Kh7 44. g3 Qd7 45. Kg2 Qe7 46. Qf3 Qd7 47. Qe4 {[%cal Og3g4]} Kg7 48. a4 Kh7 {[#]} (48... b6 $16 {was called for.}) 49. Qc4 (49. g4 $1 $18 {[%cal Rg4h5] aiming for gxh5.} Kh6 50. f3) 49... Kg7 50. Qb5 Qe7 51. Qb2+ Kh7 52. Qd4 Qc7 53. Kf3 Qf7+ 54. Ke3 Qe6+ 55. Qe4 Qd7 56. Kf4 Qd6+ {[#]} 57. Kf3 (57. Qe5 $1 $16 {[%cal Re5d6]} Qf8+ 58. Ke3 (58. Kg5 Qh6+ 59. Kf6 Qf8+ 60. Kg5 Qh6+ 61. Kf6 Qf8+ 62. Kg5 $11)) 57... Qd7 (57... Qd1+ $1 $11 {keeps the balance.} 58. Kg2 Qd7) 58. Kg2 {[%cal Og3g4]} Kg7 59. Qb4 Qd5+ 60. Kh2 Qd7 61. Qf4 Kh7 62. Qe4 Kg7 63. Kg2 (63. Qe5+ $16 Kf7 64. Qb5) 63... Kh6 (63... Kh7 $1 $11) 64. Kf3 ({Better is} 64. Kg1 $16) 64... Kg7 (64... Kh7 $1 $11) 65. g4 (65. a5 $16) 65... hxg4+ $14 66. Kg3 Qf7 67. Qxg4 {Strongly threatening h5.} Kh7 68. Qf4 Qb3+ 69. f3 ({White should try} 69. Kh2 $14) 69... Qb1 $11 {The position is equal.} 70. Qf7+ Kh6 71. Qf8+ Kh7 72. Qe7+ Kh6 $1 73. Qg5+ Kh7 74. Qe7+ Kh6 $1 75. Qc5 Qe1+ 76. Kg4 Qe6+ 77. Kf4 Qd7 78. Qb4 Kh7 79. Kg3 Qc7+ 80. Qf4 Qb6 81. Qf7+ Kh6 82. Qf8+ Kh7 83. Qe7+ Kh6 $1 84. Kf4 Qf2 85. Qf6 {[%cal Rf6h8]} Kh7 {Prevents Qh8+.} 86. h5 Qh2+ 87. Ke3 Qg1+ 88. Ke4 {White threatens Qxg6+ and mate.} Qb1+ 89. Ke5 Qb2+ 90. Ke6 Qb6+ 91. Ke7 Qc7+ 92. Kf8 Qc8+ 93. Ke7 {Weighted Error Value: White=0.13 (very precise) /Black=0.17 (very precise)} 1/2-1/2